[Event "DVM U16w 2024"]
[Site "Neumünster GER"]
[Date "2024.12.30"]
[Round "7"]
[White "Fetahovic, Sarah"]
[Black "Christiansen, Jana-Marie"]
[Result "1-0"]
[Termination "normal"]
[Board "10.1"]
[WhiteElo "1739"]
[BlackElo "1602"]
[WhiteClock "00:03:03"]
[BlackClock "00:24:35"]
[WhiteTeam "SG Solingen"]
[BlackTeam "SC Agon Neumünster"]
[PlyCount "85"]
[WhiteFideId "34601546"]
[BlackFideId "16295820"]
[EventCountry "GER"]
[EventRounds "7"]
[EventType "team-swiss"]
[EventDate "2024.12.26"]

1. e4 {[%clk 01:30:55]} {[%emt 00:00:04]} e5 {[%clk 01:30:52]} {[%emt
00:00:08]} 2. Nf3 {[%clk 01:31:16]} {[%emt 00:00:09]} Nc6 {[%clk 01:30:56]}
{[%emt 00:00:26]} 3. Nc3 {[%clk 01:31:28]} {[%emt 00:00:19]} Nf6 {[%clk
01:30:50]} {[%emt 00:00:36]} 4. Bb5 {[%clk 01:31:48]} {[%emt 00:00:10]} d6
{[%clk 01:29:28]} {[%emt 00:01:52]} 5. d4 {[%clk 01:32:02]} {[%emt 00:00:16]}
exd4 {[%clk 01:28:52]} {[%emt 00:01:06]} 6. Nxd4 {[%clk 01:32:19]} {[%emt
00:00:13]} Bd7 {[%clk 01:29:09]} {[%emt 00:00:12]} 7. Bxc6 {[%clk 01:32:31]}
{[%emt 00:00:18]} Bxc6 {[%clk 01:27:28]} {[%emt 00:02:11]} 8. Nxc6 {[%clk
01:32:28]} {[%emt 00:00:33]} bxc6 {[%clk 01:27:50]} {[%emt 00:00:09]} 9. Qf3
{[%clk 01:32:48]} {[%emt 00:00:09]} Qd7 {[%clk 01:20:25]} {[%emt 00:07:55]} 10.
O-O {[%clk 01:23:19]} {[%emt 00:09:59]} Be7 {[%clk 01:18:08]} {[%emt 00:02:47]}
11. b3 {[%clk 01:19:15]} {[%emt 00:04:34]} Qg4 {[%clk 01:11:00]} {[%emt
00:07:38]} 12. Qd3 {[%clk 01:12:04]} {[%emt 00:07:40]} a6 {[%clk 01:00:27]}
{[%emt 00:11:03]} 13. Ba3 {[%clk 01:01:23]} {[%emt 00:11:12]} Nd7 {[%clk
00:54:37]} {[%emt 00:06:20]} 14. f4 {[%clk 00:54:41]} {[%emt 00:07:12]} Qe6
{[%clk 00:42:46]} {[%emt 00:12:21]} 15. Rae1 {[%clk 00:43:41]} {[%emt
00:11:30]} O-O {[%clk 00:31:03]} {[%emt 00:12:13]} 16. Ne2 {[%clk 00:32:22]}
{[%emt 00:11:49]} Bf6 {[%clk 00:29:30]} {[%emt 00:02:02]} 17. e5 {[%clk
00:18:22]} {[%emt 00:14:31]} Be7 {[%clk 00:28:27]} {[%emt 00:01:33]} 18. Nd4
{[%clk 00:18:17]} {[%emt 00:00:35]} Qg6 {[%clk 00:25:50]} {[%emt 00:03:05]} 19.
Nxc6 {[%clk 00:17:14]} {[%emt 00:01:34]} Rfe8 {[%clk 00:24:41]} {[%emt
00:01:39]} 20. Qxg6 {[%clk 00:16:49]} {[%emt 00:00:57]} hxg6 {[%clk 00:25:02]}
{[%emt 00:00:09]} 21. Nxe7+ {[%clk 00:17:04]} {[%emt 00:00:15]} Rxe7 {[%clk
00:25:16]} {[%emt 00:00:15]} 22. exd6 {[%clk 00:17:26]} {[%emt 00:00:08]} Rxe1
{[%clk 00:25:20]} {[%emt 00:00:26]} 23. Rxe1 {[%clk 00:17:44]} {[%emt
00:00:12]} cxd6 {[%clk 00:23:53]} {[%emt 00:01:57]} 24. Bxd6 {[%clk 00:17:51]}
{[%emt 00:00:23]} Rc8 {[%clk 00:24:11]} {[%emt 00:00:12]} 25. Re7 {[%clk
00:15:07]} {[%emt 00:03:15]} Nb6 {[%clk 00:23:54]} {[%emt 00:00:47]} 26. c4
{[%clk 00:15:10]} {[%emt 00:00:28]} Nxc4 {[%clk 00:24:01]} {[%emt 00:00:23]}
27. bxc4 {[%clk 00:15:33]} {[%emt 00:00:08]} Rxc4 {[%clk 00:24:26]} {[%emt
00:00:05]} 28. Re2 {[%clk 00:10:21]} {[%emt 00:05:40]} Rc6 {[%clk 00:23:40]}
{[%emt 00:01:16]} 29. Rd2 {[%clk 00:09:54]} {[%emt 00:00:57]} f6 {[%clk
00:22:33]} {[%emt 00:01:37]} 30. a3 {[%clk 00:05:09]} {[%emt 00:05:15]} Kf7
{[%clk 00:22:55]} {[%emt 00:00:08]} 31. Bb4 {[%clk 00:05:28]} {[%emt 00:00:12]}
Rc7 {[%clk 00:23:06]} {[%emt 00:00:19]} 32. Rd6 {[%clk 00:05:35]} {[%emt
00:00:23]} Ra7 {[%clk 00:23:30]} {[%emt 00:00:06]} 33. Kf2 {[%clk 00:01:33]}
{[%emt 00:04:32]} a5 {[%clk 00:23:20]} {[%emt 00:00:40]} 34. Be1 {[%clk
00:01:47]} {[%emt 00:00:17]} Ke7 {[%clk 00:23:37]} {[%emt 00:00:12]} 35. Rd5
{[%clk 00:01:56]} {[%emt 00:00:22]} a4 {[%clk 00:23:53]} {[%emt 00:00:14]} 36.
Ra5 {[%clk 00:01:09]} {[%emt 00:01:18]} Rxa5 {[%clk 00:24:01]} {[%emt
00:00:23]} 37. Bxa5 {[%clk 00:01:34]} {[%emt 00:00:04]} Ke6 {[%clk 00:24:22]}
{[%emt 00:00:08]} 38. Ke3 {[%clk 00:01:49]} {[%emt 00:00:15]} Kd5 {[%clk
00:24:25]} {[%emt 00:00:26]} 39. Kd3 {[%clk 00:02:04]} {[%emt 00:00:15]} f5
{[%clk 00:24:02]} {[%emt 00:00:54]} 40. Bc3 {[%clk 00:02:18]} {[%emt 00:00:16]}
Kc5 {[%clk 00:24:27]} {[%emt 00:00:05]} 41. Bxg7 {[%clk 00:02:36]} {[%emt
00:00:12]} Kd5 {[%clk 00:24:40]} {[%emt 00:00:16]} 42. Bf8 {[%clk 00:02:39]}
{[%emt 00:00:27]} Kc6 {[%clk 00:24:35]} {[%emt 00:00:35]} 43. Kc4 {[%clk
00:03:03]} {[%emt 00:00:07]} 1-0

[Event "DVM U16w 2024"]
[Site "Neumünster GER"]
[Date "2024.12.30"]
[Round "7"]
[White "Guliyeva, Zahra"]
[Black "Dhanasekaran Meenambigai, Diya"]
[Result "0-1"]
[Termination "normal"]
[Board "10.2"]
[WhiteElo "1053"]
[BlackElo "1568"]
[WhiteClock "00:41:39"]
[BlackClock "00:56:56"]
[WhiteTeam "SC Agon Neumünster"]
[BlackTeam "SG Solingen"]
[PlyCount "102"]
[WhiteFideId "34630198"]
[BlackFideId "34611924"]
[EventCountry "GER"]
[EventRounds "7"]
[EventType "team-swiss"]
[EventDate "2024.12.26"]

1. c4 {[%clk 01:30:56]} {[%emt 00:00:03]} c6 {[%clk 01:30:54]} {[%emt
00:00:06]} 2. g3 {[%clk 01:31:19]} {[%emt 00:00:07]} d5 {[%clk 01:31:18]}
{[%emt 00:00:07]} 3. cxd5 {[%clk 01:25:49]} {[%emt 00:06:00]} cxd5 {[%clk
01:31:12]} {[%emt 00:00:36]} 4. d4 {[%clk 01:26:11]} {[%emt 00:00:07]} Nc6
{[%clk 01:31:12]} {[%emt 00:00:31]} 5. Bg2 {[%clk 01:26:21]} {[%emt 00:00:19]}
e6 {[%clk 01:31:03]} {[%emt 00:00:39]} 6. Nf3 {[%clk 01:26:35]} {[%emt
00:00:16]} Nf6 {[%clk 01:30:51]} {[%emt 00:00:42]} 7. O-O {[%clk 01:25:56]}
{[%emt 00:01:09]} Bd6 {[%clk 01:30:26]} {[%emt 00:00:54]} 8. Nc3 {[%clk
01:26:14]} {[%emt 00:00:13]} a6 {[%clk 01:29:51]} {[%emt 00:01:05]} 9. a4
{[%clk 01:25:20]} {[%emt 00:01:24]} O-O {[%clk 01:30:04]} {[%emt 00:00:17]} 10.
Be3 {[%clk 01:18:20]} {[%emt 00:07:27]} h6 {[%clk 01:29:34]} {[%emt 00:01:02]}
11. Rb1 {[%clk 01:09:27]} {[%emt 00:09:24]} Re8 {[%clk 01:27:03]} {[%emt
00:03:00]} 12. Bf4 {[%clk 00:58:29]} {[%emt 00:11:28]} Bxf4 {[%clk 01:21:53]}
{[%emt 00:05:41]} 13. gxf4 {[%clk 00:58:34]} {[%emt 00:00:25]} Qd6 {[%clk
01:21:19]} {[%emt 00:01:03]} 14. e3 {[%clk 00:58:38]} {[%emt 00:00:26]} Bd7
{[%clk 01:19:29]} {[%emt 00:02:21]} 15. Ne5 {[%clk 00:55:58]} {[%emt 00:03:10]}
Qe7 {[%clk 01:17:51]} {[%emt 00:02:05]} 16. Qe2 {[%clk 00:51:33]} {[%emt
00:04:57]} Rac8 {[%clk 01:16:21]} {[%emt 00:02:00]} 17. Rbc1 {[%clk 00:51:22]}
{[%emt 00:00:42]} Na5 {[%clk 01:13:53]} {[%emt 00:02:57]} 18. Rc2 {[%clk
00:49:33]} {[%emt 00:02:19]} Qb4 {[%clk 01:11:01]} {[%emt 00:03:21]} 19. Ra1
{[%clk 00:45:41]} {[%emt 00:04:23]} Nc4 {[%clk 01:05:25]} {[%emt 00:06:06]} 20.
Nxc4 {[%clk 00:45:15]} {[%emt 00:00:56]} Qxc4 {[%clk 01:05:05]} {[%emt
00:00:50]} 21. Qxc4 {[%clk 00:45:10]} {[%emt 00:00:36]} Rxc4 {[%clk 01:05:18]}
{[%emt 00:00:17]} 22. b3 {[%clk 00:45:07]} {[%emt 00:00:32]} Rc7 {[%clk
01:05:15]} {[%emt 00:00:31]} 23. Rac1 {[%clk 00:45:21]} {[%emt 00:00:19]} Rec8
{[%clk 01:05:31]} {[%emt 00:00:12]} 24. Bf3 {[%clk 00:41:30]} {[%emt 00:04:21]}
Ne4 {[%clk 01:03:29]} {[%emt 00:02:33]} 25. Bxe4 {[%clk 00:41:14]} {[%emt
00:00:47]} dxe4 {[%clk 01:03:48]} {[%emt 00:00:11]} 26. Kf1 {[%clk 00:41:39]}
{[%emt 00:00:03]} b5 {[%clk 00:56:40]} {[%emt 00:07:39]} 27. axb5 {[%clk
00:40:55]} {[%emt 00:01:15]} Bxb5+ {[%clk 00:56:52]} {[%emt 00:00:18]} 28. Ke1
{[%clk 00:41:21]} {[%emt 00:00:04]} Bd3 {[%clk 00:57:07]} {[%emt 00:00:14]} 29.
Rb2 {[%clk 00:39:41]} {[%emt 00:02:10]} Rxc3 {[%clk 00:56:55]} {[%emt
00:00:43]} 30. Rxc3 {[%clk 00:40:03]} {[%emt 00:00:08]} Rxc3 {[%clk 00:57:19]}
{[%emt 00:00:06]} 31. Kd2 {[%clk 00:40:15]} {[%emt 00:00:17]} Rc6 {[%clk
00:57:10]} {[%emt 00:00:38]} 32. b4 {[%clk 00:40:26]} {[%emt 00:00:21]} Rb6
{[%clk 00:57:09]} {[%emt 00:00:30]} 33. f3 {[%clk 00:40:24]} {[%emt 00:00:33]}
f5 {[%clk 00:56:41]} {[%emt 00:00:58]} 34. fxe4 {[%clk 00:40:44]} {[%emt
00:00:10]} Bxe4 {[%clk 00:57:04]} {[%emt 00:00:07]} 35. Kc3 {[%clk 00:40:57]}
{[%emt 00:00:17]} Bd5 {[%clk 00:57:03]} {[%emt 00:00:30]} 36. Rb1 {[%clk
00:41:03]} {[%emt 00:00:23]} g5 {[%clk 00:55:57]} {[%emt 00:01:38]} 37. Rg1
{[%clk 00:41:12]} {[%emt 00:00:22]} g4 {[%clk 00:56:21]} {[%emt 00:00:06]} 38.
Rg3 {[%clk 00:41:11]} {[%emt 00:00:30]} h5 {[%clk 00:56:23]} {[%emt 00:00:29]}
39. h4 {[%clk 00:41:09]} {[%emt 00:00:32]} Kf7 {[%clk 00:56:11]} {[%emt
00:00:42]} 40. Rg1 {[%clk 00:38:34]} {[%emt 00:03:05]} Ke7 {[%clk 00:55:21]}
{[%emt 00:01:20]} 41. Rb1 {[%clk 00:38:09]} {[%emt 00:00:55]} Kd6 {[%clk
00:54:01]} {[%emt 00:01:50]} 42. Rc1 {[%clk 00:38:26]} {[%emt 00:00:13]} Rc6+
{[%clk 00:54:23]} {[%emt 00:00:09]} 43. Kb2 {[%clk 00:38:44]} {[%emt 00:00:12]}
Rxc1 {[%clk 00:54:48]} {[%emt 00:00:04]} 44. Kxc1 {[%clk 00:39:10]} {[%emt
00:00:05]} g3 {[%clk 00:55:11]} {[%emt 00:00:07]} 45. Kd1 {[%clk 00:39:20]}
{[%emt 00:00:19]} g2 {[%clk 00:55:32]} {[%emt 00:00:09]} 46. Ke2 {[%clk
00:39:39]} {[%emt 00:00:11]} g1=Q {[%clk 00:55:54]} {[%emt 00:00:08]} 47. b5
{[%clk 00:40:01]} {[%emt 00:00:09]} axb5 {[%clk 00:56:13]} {[%emt 00:00:11]}
48. Kd3 {[%clk 00:40:24]} {[%emt 00:00:07]} Qd1+ {[%clk 00:56:28]} {[%emt
00:00:15]} 49. Kc3 {[%clk 00:40:48]} {[%emt 00:00:06]} Kc6 {[%clk 00:56:16]}
{[%emt 00:00:42]} 50. Kb4 {[%clk 00:41:14]} {[%emt 00:00:04]} Qb3+ {[%clk
00:56:37]} {[%emt 00:00:08]} 51. Ka5 {[%clk 00:41:39]} {[%emt 00:00:06]} Qa4#
{[%clk 00:56:56]} {[%emt 00:00:11]} 0-1